01216 a2200157 450000100060000002000180000602000180002404100080004225000110005052008140006104000250087510000320090024500390093226000420097185600450101311772 a4781570067445 a9788574060972 apor a2. ed. aPíppi é uma menina de nove anos incrivelmente forte. Não tem pai nem mãe e mora sozinha, mas feliz da vida. Seus companheiros são um cavalo e um macaquinho. Ela mesma faz suas roupas - bem esquisitas - e sua comida - biscoitos, panquecas e sanduíches. Destemida e sapeca, lembra a Emília do Sítio do Pica-Pau Amarelo. Píppi tem sempre uma resposta na ponta da língua e demonstra grande confiança em si mesma. Dá uma surra em cinco meninos brigões, engana os policiais que querem levá-la para um lar de crianças, põe dois ladrões a correr e enfrenta um touro a unha. Nada convencional, causa espanto e confusão por onde passa, seja na escola, no circo ou na casa de seus vizinhos. É, enfim, uma menina que realiza sonhos de liberdade e aventura. Absolutamente encantadora. aBR-BrIDEAcBR-BrIDEA aLindgren, Astridd1907-200210aPíppi Meialongac Astri Lindgren a[S.l.]bCompanhia das Letrinhasc2016 u00000d/00000d6e.jpgu00000f/00000fec.jpg